| 000 | 01287nam a2200313 a 4500 | ||
|---|---|---|---|
| 001 | BRCA_8646 | ||
| 005 | 20190320210344.0 | ||
| 008 | 041016s1702----sp-#######---#000-0#lat-# | ||
| 041 | _alat | ||
| 044 | _asp | ||
| 050 | 4 |
_aBX1970 _b.O33 _c1702 |
|
| 245 | 1 | 0 | _aOfficivm hebdomadae sanctae cvm psalmis et lectionibvs secundum missale & breviarium romanum pij V. Pontif. Max iussu editum & Clementis VIII & Vrbani VIII authoritate recognitum cum cantu toletano. |
| 260 |
_aMatriti _bEx typographia musicae _c1702 |
||
| 300 |
_a252, cxlxij p. _c30 cm |
||
| 500 | _aFondo antiguo | ||
| 500 | _aSe encuentra en Caja Fuerte | ||
| 500 | _aLM-43/DD-3 | ||
| 500 | _aPortada impresa a dos tintas negro y rojo con Grabado de jesucristo en la cruz | ||
| 500 | _aUso de letras capitulares y viñetas | ||
| 500 | _aTexto impreso a dos columnas | ||
| 500 | _aCon licencia de Don Sebastian de Cortes | ||
| 500 | _aContiene pentagramas musicales | ||
| 500 | _aRubrica en la guarda perteneciente al ´Hospital Real de los Indios´ | ||
| 500 | _aNota de encuadernación: piel sobre cartón | ||
| 506 | 0 | _aFondo reservado: para su consulta es necesario credencial de usuario y carta de motivos | |
| 650 | 1 | 4 |
_aIglesia católica _eLiturgia _vtextos _921578 |
| 902 | _aLAR | ||
| 942 |
_2lcc _cB |
||
| 999 |
_c8306 _d8306 |
||